Judge Sewall's apology : (Record no. 613662)

000 -LEADER
fixed length control field 02552cam a22003854a 4500
001 - CONTROL NUMBER
control field 13816725
005 - DATE AND TIME OF LATEST TRANSACTION
control field 20250505143619.0
008 - FIXED-LENGTH DATA ELEMENTS--GENERAL INFORMATION
fixed length control field 041216s2005 nyua b 001 0beng
010 ## - LIBRARY OF CONGRESS CONTROL NUMBER
LC control number 2004065353
020 ## - INTERNATIONAL STANDARD BOOK NUMBER
International Standard Book Number 1841156760
035 ## - SYSTEM CONTROL NUMBER
System control number (OCoLC)ocm57550291
040 ## - CATALOGING SOURCE
Original cataloging agency DLC
Transcribing agency DLC
Modifying agency YDX
-- BAKER
-- IK2
-- BUR
-- IXA
-- OCLCQ
-- DLC
042 ## - AUTHENTICATION CODE
Authentication code pcc
043 ## - GEOGRAPHIC AREA CODE
Geographic area code n-us-ma
050 00 - LIBRARY OF CONGRESS CALL NUMBER
Classification number F67
Item number .S525 2005
082 00 - DEWEY DECIMAL CLASSIFICATION NUMBER
Classification number 974.402092
Author Mark FRA
100 1# - MAIN ENTRY--PERSONAL NAME
Personal name Francis, Richard,
Dates associated with a name 1945-
9 (RLIN) 128826
245 10 - TITLE STATEMENT
Title Judge Sewall's apology :
Remainder of title the Salem witch trials and the forming of an American conscience /
Statement of responsibility, etc. Richard Francis.
250 ## - EDITION STATEMENT
Edition statement 1st ed.
260 ## - PUBLICATION, DISTRIBUTION, ETC.
Place of publication, distribution, etc. New York :
Name of publisher, distributor, etc. Fourth Estate,
Date of publication, distribution, etc. c2005.
300 ## - PHYSICAL DESCRIPTION
Extent xvii, 412 p. :
Other physical details ill. ;
Dimensions 24 cm.
504 ## - BIBLIOGRAPHY, ETC. NOTE
Bibliography, etc. note Includes bibliographical references (p. [385]-395) and index.
520 ## - SUMMARY, ETC.
Summary, etc. Biographer and novelist Francis looks at the Salem witch hunt of 1692 with fresh eyes, through the story of Samuel Sewall, New England Puritan, Salem trial judge, antislavery agitator, defender of Native American rights, utopian theorist, family man. The second-generation colonists were pitted against the pagan Native Americans and a hostile mother country intent on imposing control. Out of the struggle to maintain unity emerged the forces that drove the Salem tragedy. Five guilt-wracked years after pronouncing judgment, Sewall recanted the guilty verdicts, praying for forgiveness. This marked the moment when modern American values came into being--the shift from an almost medieval view of good and evil to a respect for the mysteries of the human heart. Drawing on Sewall's diaries, Francis shows us the early colonists as flesh and blood idealists, striving for a new society while coming to terms with the imperfections of ordinary life.--From publisher description.
600 10 - SUBJECT ADDED ENTRY--PERSONAL NAME
Personal name Sewall, Samuel,
Dates associated with a name 1652-1730.
9 (RLIN) 128827
600 10 - SUBJECT ADDED ENTRY--PERSONAL NAME
Personal name Sewall, Samuel,
Dates associated with a name 1652-1730
General subdivision Ethics.
9 (RLIN) 128828
650 #0 - SUBJECT ADDED ENTRY--TOPICAL TERM
Topical term or geographic name entry element Puritans
Geographic subdivision Massachusetts
Form subdivision Biography.
9 (RLIN) 128829
650 #0 - SUBJECT ADDED ENTRY--TOPICAL TERM
Topical term or geographic name entry element Judges
Geographic subdivision Massachusetts
Form subdivision Biography.
9 (RLIN) 128830
650 #0 - SUBJECT ADDED ENTRY--TOPICAL TERM
Topical term or geographic name entry element Merchants
Geographic subdivision Massachusetts
Form subdivision Biography.
9 (RLIN) 128831
650 #0 - SUBJECT ADDED ENTRY--TOPICAL TERM
Topical term or geographic name entry element Trials (Witchcraft)
Geographic subdivision Massachusetts
-- Salem.
9 (RLIN) 128832
651 #0 - SUBJECT ADDED ENTRY--GEOGRAPHIC NAME
Geographic name Massachusetts
General subdivision History
Chronological subdivision Colonial period, ca. 1600-1775.
9 (RLIN) 128833
651 #0 - SUBJECT ADDED ENTRY--GEOGRAPHIC NAME
Geographic name Salem (Mass.)
General subdivision History
Chronological subdivision Colonial period, ca. 1600-1775.
9 (RLIN) 128834
906 ## - LOCAL DATA ELEMENT F, LDF (RLIN)
a 7
b cbc
c orignew
d 1
e ocip
f 20
g y-gencatlg
942 ## - ADDED ENTRY ELEMENTS (KOHA)
Source of classification or shelving scheme
Koha item type Book
Holdings
Withdrawn status Lost status Source of classification or shelving scheme Damaged status Not for loan Permanent Location Current Location Date acquired Source of acquisition Full call number Barcode Date last seen Price effective from Koha item type
          NUST Law School (NLS) NUST Law School (NLS) 05/05/2025 Donated by Vanguard Books Pvt Limited 974.402092 FRA NLSD-9 05/05/2025 05/05/2025 Book
© 2023 Central Library, National University of Sciences and Technology. All Rights Reserved.